000 002740000a22000970004500
100 1 _aJáuregui, José Antonio
245 1 0 _aPanorama de la evolución de los estudios lucanos
300 _avol. 61, núm 3 (2003), Páginas 351-398
773 0 _tEstudios Bíblicos
942 _cANA
999 _c50323
_d50323